000 00453nam a2200169 a 4500
001 0000-9294
003 ELIB.Books
008 110520 1989
035 _a(ELIB.Books)0000-9446
082 _a230.3
_bBoa
100 _aBoatman, Russell
245 _aWhat the Bible Says about the Holy Spirit
260 _bJoplin: College Press Publishing Company
_c1989
650 _aTheology
942 _2ddc
_cBK
998 _cbat
_e2011-05-20
999 _c9294
_d9294